Statistics for Horror Movie Killers

Click here to take the quiz!

General Stats

  • This quiz has been taken 238 times
  • The average score is 13 of 21

Answer Stats

Horror MovieAnswer% Correct
Friday the 13th*Jason Vorhees
98%
A Nightmare on Elm Street*Freddy Kruger
98%
Halloween*Michael Myers
92%
Child's Play*Charles Lee Ray
90%
Saw*John Kramer
89%
ItPennywise
84%
Jaws*The Shark
83%
The Texas Chainsaw MassacreLeatherface
81%
Scream*Ghostface
76%
The Silence of the LambsHannibal Lecter
75%
PsychoNorman Bates
72%
Hellraiser*Pinhead
71%
The ShiningJack Torrance
68%
Final Destination*Death
53%
The RingSamara Morgan
44%
Jeepers Creepers*The Creeper
28%
Se7enJohn Doe
21%
Silent Hill*Pyramid Head
18%
The ExorcistRegan MacNeil
18%
OrphanEsther
12%
The GrudgeKayako Saeki
7%

Score Distribution

Percentile by Number Answered

Percent of People with Each Score

Your Score History

You have not taken this quiz